| 000 | 00402cam a22001217a 4500 | ||
|---|---|---|---|
| 008 | 180718b1970 xxu||||| |||| 00| 0 eng d | ||
| 082 | _aA6x5433 M295 | ||
| 100 | _aMalik, Ikram Ali | ||
| 245 |
_aA book of readings on the history of the Punjab, 1799-1447 _cby Ikram Ali Malik |
||
| 260 |
_aLahore _bResearch Society of Pakistan, University of Punjab _c1970 |
||
| 300 | _a640p. | ||
| 650 | _aPunjab - History | ||
| 999 |
_c348684 _d348684 |
||